| 000 | 00873nam a2200253 a 4500 | ||
|---|---|---|---|
| 001 | adlib96000001 | ||
| 003 | ViArRB | ||
| 005 | 200902210153555.7 | ||
| 008 | 960221s1955 dcuabcdjdbkoqu001 0deng d | ||
| 020 | _a | ||
| 022 | _a | ||
| 040 | _aAdlib | ||
| 082 | _a539.2.216:549.32/.33 | ||
| 245 | _aInvestigation on the preparation and properties of reactivity evaporate lead sulphide the tin telluride thin films | ||
| 250 | _a | ||
| 260 |
_aCochin University _bDept. of physics _c1987 |
||
| 300 |
_a201p. _c |
||
| 500 | _a Ph. D thesis | ||
| 100 |
_aPalson, T I _e |
||
| 700 |
_a _a |
||
| 942 | _cREF | ||
| 653 |
_aThin films _aphysics of thin films _alead suphide films _atin telluride films _asulphide films _atelluride films |
||
| 952 |
_w2010-06-16 _pG0003740 _r2010-06-16 _40 _00 _bUL _10 _o539.2.216:549.32/.33 PAL T _d2010-06-16 _70 _yREF _aUL |
||
| 999 |
_c14557 _d14556 |
||